000 00333 a2200157 4500
001 152339
040 _cEscola São Tomás de Aquino
100 _aSABINO, Fernando
240 1 0 _aCrônicas 4
_lpor
245 1 0 _aCrônicas 4
300 _a98
362 0 _a2006
440 1 _aÁtica
697 _a*LITERATURA JUVENIL
942 _cBK
999 _c152339
_d152339